Opał-Przestrzeń - Statystyki

Ogólne statystyki
  • Ten quiz został rozwiązany 38 razy
  • Średni wynik to 13 z 15
Statystyki odpowiedzi
Wskazówka Odpowiedź % Poprawnych
7. Dron
96%
1. Niebo
96%
2.Gibbs Przestrzeń
96%
3.Gibbs Widnokrąg
96%
4.Kacper HTA Duży wóz i mały chłopiec
93%
12.Ochman, Favst Energia
89%
15. Spodek
89%
13. Przyjaciel
86%
8.INDEB Rave
86%
10.JANEK Północ słońca
82%
5. Offline
79%
6. Plastik
79%
11. To nie jest numer o pieniążkach
75%
9. Droga mleczna
71%
14. Wybieg dla duchów
68%
Nie znaleziono quizów pasujących do podanych kryteriów
Rozkład punktacji
Procent ludzi z każdym wynikiem
Percentyl według liczby udzielonych odpowiedzi
Twoja historia wyników
Nie rozwiązałeś tego quizu